Statistics for Name a Valid Country #11

Click here to take the quiz!

General Stats

  • This quiz has been taken 1,003 times
  • The average score is 11 of 20

Answer Stats

Name a country...Answer% Correct
with NEW in its nameNew Zealand | Papua New Guinea
97%
that is officially neutralAustria | Costa Rica | Finland | Ghana | Haiti | Ireland | Japan | Liechtenstein | Malta | Mexico | Mongolia | Moldova | Panama | Rwanda | Serbia | Singapore | Sweden | Switzerland | Turkmenistan | Uzbekistan | Vatican City
94%
where you cannot buy Coca-ColaCuba | North Korea
92%
where Buddhism is the state religionBhutan | Cambodia | Sri Lanka
80%
in Europe that was once part of the Mongol EmpireBulgaria | Hungary | Lithuania | Poland | Romania | Russia | Ukraine
77%
that is an Arctic coastal stateCanada | Denmark | Finland | Iceland | Norway | Russia | Sweden | United States
77%
with a square shaped flagSwitzerland | Vatican City
73%
that touches that Tropic of CancerMexico | Bahamas | Morocco | Mauritania | Mali | Algeria | Niger | Libya | Egypt | Saudi Arabia | United Arab Emirates | Oman | India | Bangladesh | Myanmar | China | Taiwan
71%
that was hit by the 2004 Boxing Day tsunamiMalaysia | Maldives | Myanmar | India | Indonesia | Seychelles | Somalia | Sri Lanka | Tanzania | Thailand
70%
that uses the imperial system (besides the US)Liberia | Myanmar | United Kingdom
67%
featured in Call of Duty: Black OpsChina | Cuba | Kazakhstan | Laos | Russia | United States | Vietnam
58%
without a written constitutionCanada | China | Israel | New Zealand | San Marino | Saudi Arabia | Sweden | United Kingdom
42%
outside Europe where Sign Language is an official languageBrazil | Chile | Colombia | Cyprus | Ecuador | Mexico | New Zealand | Papua New Guinea | South Africa | South Korea | Turkey | Uganda | Uruguay | Venezuela | Zimbabwe
36%
whose lowest point is still more than 500 meters (1640 feet) above sea levelAndorra | Botswana | Burundi | Lesotho | Mongolia | Rwanda | Uganda
35%
whose currency is the ShillingKenya | Somalia | Tanzania | Uganda
30%
whose Exclusive Economic Zone is more than 1000 times larger than its surface areaKiribati | Federated States of Micronesia | Marshall Islands | Seychelles | Maldives | Tuvalu | Palau | Nauru
27%
outside Africa with cheetahs in the wildIran
23%
without any external debtAndorra | Brunei | Liechtenstein
22%
that is a member of the SCOChina | India | Kazakhstan | Kyrgyzstan | Russia | Pakistan | Tajikistan | Uzbekistan
19%
named after animalsCameroon | Italy | Panama | Spain | Trinidad and Tobago | Uruguay
6%

Score Distribution

Percentile by Number Answered

Percent of People with Each Score

Your Score History

You have not taken this quiz